Africa V.S. The Americas #2 - Statistics

General Stats
  • This quiz has been taken 7 times
  • The average score is 8 of 12
Answer Stats
Question Answer % Correct
Older (By Establishment Date) Peru
100%
Winner?
86%
GDP Per Capita Peru
86%
Higher Life Expectancy Peru
86%
Happier Peru
86%
Military Strength Peru
71%
Area Peru
57%
Bigger Capital Peru
57%
Has Rainbow Mountains Peru
57%
Population Angola
43%
Less Dangerous Angola
29%
May Be the Starting Place of Samba Angola
29%
No matching quizzes found
Score Distribution
Percent of People with Each Score
Percentile by Number Answered
Your Score History
You have not taken this quiz